Sustainable tourism in developing regions The case of Sapa, Lao Cai Province, Vietnam

Bibliographic Details
Main Author: Nguyen Tho
Other Authors: Horváth Dr. Zsuzsanna
Format: Thesis
Kulcsszavak:sustainable tourism
destination management
ETIS
Online Access:http://dolgozattar.uni-bge.hu/13029

MARC

LEADER 00000nta a2200000 i 4500
001 dolg13029
005 20181009093442.0
008 171128suuuu hu om 000 eng d
040 |a BGE Dolgozattár Repozitórium  |b hun 
041 |a en 
100 1 |a Nguyen Tho 
245 1 0 |a Sustainable tourism in developing regions  |b The case of Sapa, Lao Cai Province, Vietnam  |c Nguyen Tho  |h [elektronikus dokumentum] 
695 |a sustainable tourism 
695 |a destination management 
695 |a ETIS 
700 1 |a Horváth Dr. Zsuzsanna  |e ths 
856 4 0 |u http://dolgozattar.uni-bge.hu/13029/1/Nguyen%20Van%20Tho_Thesis.pdf  |z Dokumentum-elérés